[Event "Festival Carnevale d'Europa"]
[Site "Cento ITA"]
[Date "2011.02.08"]
[Round "4"]
[White "Castellano, Alfonso"]
[Black "Gioga, Michele"]
[WhiteElo "1928"]
[BlackElo "1682"]
[Result "1/2-1/2"]
[PlyCount "71"]
[EventDate "2011.02.05"]

1. c4 e5 2. g3 Nf6 3. Bg2 g6 4. Nc3 Bg7 5. e4 d6 6. Nge2 Be6 7. O-O O-O 8. d3
Qc8 9. Nd5 Nxd5 10. cxd5 Bh3 11. Be3 Bxg2 12. Kxg2 f5 13. Qd2 fxe4 14. dxe4 Na6
15. Rac1 Qd7 16. Ng1 Qa4 17. b4 Rf7 18. Rb1 Qd7 19. Nf3 Bf6 20. h3 Kh8 21. Rfc1
Be7 22. Ng5 Bxg5 23. Bxg5 Raf8 24. Rf1 h5 25. f4 exf4 26. gxf4 Kh7 27. a3 Re8
28. Qd3 Ref8 29. Qe2 Kg8 30. Rb3 Re8 31. Rg3 Kh7 32. f5 Rxf5 33. Rxf5 Qxf5 34.
exf5 Rxe2+ 35. Kf3 Rc2 36. fxg6+ 1/2-1/2

[Event "Festival Carnevale d'Europa"]
[Site "Cento ITA"]
[Date "2011.02.08"]
[Round "4"]
[White "Cocchi, Andrea"]
[Black "Godena, Michele"]
[WhiteElo "2281"]
[BlackElo "2541"]
[Result "1-0"]
[PlyCount "155"]
[EventDate "2011.02.05"]

1. Nf3 Nf6 2. c4 e6 3. d4 d5 4. Nc3 c6 5. Qd3 Nbd7 6. g3 b6 7. cxd5 cxd5 8. Bf4
Bb7 9. Bg2 a6 10. Ne5 Nxe5 11. Bxe5 Nd7 12. Bf4 b5 13. Rc1 Be7 14. O-O O-O 15.
Bc7 Qe8 16. e4 Rc8 17. Bf4 b4 18. Ne2 Nb6 19. Rxc8 Qxc8 20. Rc1 Qa8 21. f3 Bc6
22. b3 Rc8 23. Qe3 h6 24. h4 a5 25. Rc2 Bf8 26. Nc1 Bb5 27. Rc7 Rxc7 28. Bxc7
Qc6 29. Bd8 e5 30. Kh2 exd4 31. Qxd4 Bc5 32. Qe5 Bd6 33. Qd4 Bxg3+ 34. Kxg3
Qd6+ 35. f4 Qxd8 36. exd5 Bc6 37. Qc5 Bxd5 38. Qxa5 Bxg2 39. Kxg2 Qd2+ 40. Kf3
Nd5 41. Qc5 Qxf4+ 42. Ke2 Nc3+ 43. Kd3 Qf1+ 44. Kd4 Qf2+ 45. Kc4 Qf4+ 46. Kd3
Qf1+ 47. Kd4 Qf2+ 48. Kc4 Qxh4+ 49. Qd4 Qg5 50. Kxb4 Qxc1 51. Qd8+ Kh7 52. Qd3+
Kg8 53. Qd8+ Kh7 54. Qd3+ g6 55. Qxc3 Qf4+ 56. Qc4 Qf2 57. a4 h5 58. a5 h4 59.
Qg4 Qg3 60. Qe4 h3 61. a6 Qg2 62. Qh4+ Kg7 63. a7 Qb7+ 64. Kc4 Qc7+ 65. Kb5
Qxa7 66. Qxh3 Qb7+ 67. Kc4 Qe4+ 68. Kc5 g5 69. b4 Qe5+ 70. Kc6 Qe4+ 71. Kc5 g4
72. Qc3+ Kg6 73. b5 Qf5+ 74. Kb4 Qf4+ 75. Kb3 g3 76. b6 Qd6 77. Qc7 Qxc7 78.
bxc7 1-0

[Event "Festival Carnevale d'Europa"]
[Site "Cento ITA"]
[Date "2011.02.08"]
[Round "4"]
[White "Damia, Angelo"]
[Black "Maietti, Luca"]
[WhiteElo "2360"]
[BlackElo "1945"]
[Result "1-0"]
[PlyCount "49"]
[EventDate "2011.02.05"]

1. e4 e6 2. d4 d5 3. Nc3 dxe4 4. Nxe4 Nd7 5. Bd3 Ngf6 6. Qe2 Nxe4 7. Bxe4 c5 8.
d5 exd5 9. Bxd5+ Qe7 10. Be3 Nf6 11. Bf3 Be6 12. O-O-O a6 13. Nh3 Bxh3 14. gxh3
Rc8 15. Rhe1 Rc7 16. Qf1 g6 17. Bf4 Qxe1 18. Rxe1+ Re7 19. Bxb7 Rxe1+ 20. Qxe1+
Be7 21. Bd6 Ng8 22. Bc6+ Kf8 23. Qe5 f6 24. Bxe7+ Nxe7 25. Qxf6+ 1-0

[Event "Festival Carnevale d'Europa"]
[Site "Cento ITA"]
[Date "2011.02.08"]
[Round "4"]
[White "David, Alberto"]
[Black "Manca, Federico"]
[WhiteElo "2580"]
[BlackElo "2384"]
[Result "1-0"]
[PlyCount "75"]
[EventDate "2011.02.05"]

1. d4 d5 2. c4 e6 3. Nc3 c5 4. cxd5 exd5 5. Nf3 Nc6 6. g3 Nf6 7. Bg2 Be7 8. O-O
O-O 9. Bg5 cxd4 10. Nxd4 h6 11. Be3 Re8 12. Rc1 Bf8 13. Nxc6 bxc6 14. Na4 Bd7
15. Bc5 Bxc5 16. Nxc5 Bg4 17. Re1 Qa5 18. h3 Bf5 19. Qa4 Qd2 20. Qf4 Qxf4 21.
gxf4 Rab8 22. b3 Rb5 23. e3 g5 24. a3 Rbb8 25. fxg5 hxg5 26. b4 Kg7 27. Nb3 Bd7
28. Rc5 Rbc8 29. Nd4 Rh8 30. Rec1 Rce8 31. Ra5 Bxh3 32. Rxc6 Bxg2 33. Kxg2 Re4
34. Rxa7 Rg4+ 35. Kf1 Rh1+ 36. Ke2 Rgg1 37. Nf3 Rg2 38. Ne5 1-0

[Event "Festival Carnevale d'Europa"]
[Site "Cento ITA"]
[Date "2011.02.08"]
[Round "4"]
[White "Delchev, Aleksander"]
[Black "Dvirnyy, Danyyil"]
[WhiteElo "2629"]
[BlackElo "2480"]
[Result "1-0"]
[PlyCount "89"]
[EventDate "2011.02.05"]

1. Nf3 Nf6 2. c4 Nc6 3. d4 e6 4. g3 Bb4+ 5. Bd2 Qe7 6. Nc3 d6 7. d5 Bxc3 8.
Bxc3 Nb8 9. Bg2 e5 10. Nd2 O-O 11. O-O c6 12. e4 Nbd7 13. b4 a5 14. a3 cxd5 15.
exd5 b6 16. Re1 Qd8 17. Nf1 Ba6 18. Ne3 Rc8 19. Bf1 Ne4 20. Bb2 g6 21. f3 Nef6
22. Rc1 Re8 23. Qd2 h6 24. Nd1 Kh7 25. Nf2 Bb7 26. f4 axb4 27. axb4 b5 28. c5
Bxd5 29. Bxb5 Re6 30. c6 Nb8 31. fxe5 dxe5 32. Rxe5 Rd6 33. Qc3 Nbd7 34. c7 Qf8
35. Ree1 Bb7 36. Red1 Nd5 37. Qd4 N7f6 38. Bf1 Ne8 39. Qa7 Ba8 40. Ba6 Rxa6 41.
Qxa6 Nexc7 42. Qa5 Qe7 43. Re1 Qd7 44. Ne4 g5 45. Be5 1-0

[Event "Festival Carnevale d'Europa"]
[Site "Cento ITA"]
[Date "2011.02.08"]
[Round "4"]
[White "Drasko, Milan"]
[Black "Umudova, Nargiz"]
[WhiteElo "2486"]
[BlackElo "2246"]
[Result "1-0"]
[PlyCount "89"]
[EventDate "2011.02.05"]

1. Nf3 Nf6 2. g3 g6 3. Bg2 Bg7 4. O-O O-O 5. d4 d6 6. c4 Nc6 7. Nc3 a6 8. Bd2
Rb8 9. Rc1 e5 10. d5 Nd4 11. Ne1 Bd7 12. e3 Nf5 13. Nd3 Re8 14. e4 Nd4 15. Ne2
c5 16. Nxd4 exd4 17. f3 b5 18. b3 Bc8 19. Re1 bxc4 20. bxc4 Nd7 21. f4 f6 22.
Qa4 Nb6 23. Qa3 Bd7 24. e5 fxe5 25. fxe5 dxe5 26. Nxc5 Bf8 27. Qa5 Bxc5 28.
Qxc5 Na4 29. Qa3 Rb2 30. Bh6 Qc8 31. Qf3 Bf5 32. g4 Bxg4 33. Qf6 Qc7 34. Rf1
Bf5 35. c5 Nc3 36. Rce1 Rxg2+ 37. Kxg2 Nxd5 38. Qd6 Qxd6 39. cxd6 e4 40. Bg5 e3
41. Rxf5 gxf5 42. d7 Rf8 43. Kf3 d3 44. Rxe3 Nxe3 45. Kxe3 1-0

[Event "Festival Carnevale d'Europa"]
[Site "Cento ITA"]
[Date "2011.02.08"]
[Round "4"]
[White "Govoni, Fausto"]
[Black "Martinez, Guido"]
[WhiteElo "2203"]
[BlackElo "1926"]
[Result "1-0"]
[PlyCount "45"]
[EventDate "2011.02.05"]

1. e4 e5 2. Nc3 Nf6 3. Bc4 Nc6 4. d3 Na5 5. f4 Nxc4 6. dxc4 Bb4 7. fxe5 Nxe4 8.
Qd4 Nxc3 9. bxc3 Be7 10. Bf4 O-O 11. Nf3 f6 12. O-O d6 13. Qd5+ Kh8 14. e6 Qe8
15. Rae1 Qa4 16. Nd4 c6 17. Qf3 g6 18. Qg3 Rd8 19. Bg5 c5 20. Rxf6 cxd4 21. Rf7
Bxe6 22. Rxe6 Bxg5 23. Qxg5 1-0

[Event "Festival Carnevale d'Europa"]
[Site "Cento ITA"]
[Date "2011.02.08"]
[Round "4"]
[White "Madani, Kamran"]
[Black "Solomon, Kenny"]
[WhiteElo "2242"]
[BlackElo "2425"]
[Result "0-1"]
[PlyCount "124"]
[EventDate "2011.02.05"]

1. e4 d6 2. Nf3 Nf6 3. Nc3 e5 4. d4 Nbd7 5. Bc4 Be7 6. O-O O-O 7. Re1 c6 8. a4
a5 9. h3 Nb6 10. Bf1 exd4 11. Nxd4 d5 12. e5 Ne8 13. Qh5 g6 14. Qh6 Ng7 15. Bd3
Re8 16. h4 Bf8 17. Qg5 f6 18. Qg3 Nh5 19. Qh2 Qc7 20. e6 Qxh2+ 21. Kxh2 Bd6+
22. g3 Ng7 23. f4 Bxe6 24. Be3 Nd7 25. Nxe6 Rxe6 26. Bf2 f5 27. Rxe6 Nxe6 28.
h5 Kf7 29. Kg2 Nf6 30. hxg6+ hxg6 31. Rh1 Bc5 32. Nd1 Bxf2 33. Nxf2 Nc5 34. b3
Re8 35. Kf3 Kg7 36. Rb1 Nce4 37. Rf1 Nc3 38. Rh1 d4 39. Nd1 Nxd1 40. Rxd1 Re3+
41. Kf2 Ng4+ 42. Kg2 c5 43. Rb1 b6 44. Ra1 Nf6 45. Rf1 Re7 46. Ra1 Nd5 47. Rc1
Nb4 48. Bc4 Re3 49. Kf2 Kh6 50. Rh1+ Kg7 51. Rc1 Re8 52. Bd3 Re3 53. Rd1 Kf6
54. Rd2 g5 55. fxg5+ Kxg5 56. Be2 Nd5 57. Bf3 Nc3 58. Kg2 Re7 59. Rf2 Re1 60.
Rf1 Re3 61. Rh1 Ne4 62. Rh8 Nd2 0-1

[Event "Festival Carnevale d'Europa"]
[Site "Cento ITA"]
[Date "2011.02.08"]
[Round "4"]
[White "Modder, Frank"]
[Black "Casadei, Mauro"]
[WhiteElo "1926"]
[BlackElo "2166"]
[Result "0-1"]
[PlyCount "74"]
[EventDate "2011.02.05"]

1. d4 Nf6 2. Nf3 g6 3. Nc3 d5 4. Bf4 Bg7 5. Qd2 c5 6. dxc5 Qa5 7. e3 O-O 8. h3
Nc6 9. Be2 Qxc5 10. Na4 Qb4 11. Qxb4 Nxb4 12. Bd1 Ne4 13. Be5 f6 14. Bd4 e5 15.
Bc5 Nxc5 16. Nxc5 Bf5 17. c3 Nc2+ 18. Bxc2 Bxc2 19. Ne6 Rf7 20. Nxg7 Kxg7 21.
Rc1 Bf5 22. O-O Rc8 23. Rfd1 Be6 24. Kf1 g5 25. Nd2 Rfc7 26. Ke1 h5 27. f4 gxf4
28. exf4 d4 29. fxe5 fxe5 30. Nf3 dxc3 31. bxc3 Rxc3 32. Rb1 b6 33. Rb5 R8c5
34. Rb2 Rc2 35. Rd2 Rxb2 36. Rxb2 Ra5 37. Re2 Kf6 0-1

[Event "Festival Carnevale d'Europa"]
[Site "Cento ITA"]
[Date "2011.02.08"]
[Round "4"]
[White "Molina, Fabrizio"]
[Black "Piscopo, Pierluigi"]
[WhiteElo "2236"]
[BlackElo "2406"]
[Result "0-1"]
[PlyCount "64"]
[EventDate "2011.02.05"]

1. e4 c5 2. f4 d5 3. exd5 Nf6 4. Bb5+ Nbd7 5. c4 g6 6. Nf3 Bg7 7. Nc3 O-O 8.
Bxd7 Bxd7 9. Ne5 e6 10. O-O exd5 11. cxd5 b5 12. d3 b4 13. Ne4 Nxd5 14. Nxc5
Bb5 15. Kh1 Rc8 16. d4 Bxf1 17. Qxf1 Nb6 18. Be3 Re8 19. Bg1 Qd5 20. b3 Na8 21.
Qc4 Nc7 22. Qxb4 Ne6 23. Nxe6 Rc2 24. Nf3 Rxe6 25. Qb8+ Bf8 26. a4 a6 27. Re1
Rxe1 28. Nxe1 Rb2 29. Qc8 Rxb3 30. Qxa6 Qe4 31. Qf1 Rb1 32. Bf2 Bb4 0-1

[Event "Festival Carnevale d'Europa"]
[Site "Cento ITA"]
[Date "2011.02.08"]
[Round "4"]
[White "Mueer, Sebastian"]
[Black "Jakovljevic, Vlado"]
[WhiteElo "2189"]
[BlackElo "2394"]
[Result "1-0"]
[PlyCount "57"]
[EventDate "2011.02.05"]

1. c4 e5 2. g3 Nf6 3. Bg2 d5 4. cxd5 Nxd5 5. Nc3 Nb6 6. Nf3 Nc6 7. O-O Be7 8.
a3 a5 9. d3 O-O 10. Be3 Be6 11. Ne4 Nd5 12. Bc5 b6 13. Bxe7 Ndxe7 14. Rc1 a4
15. Qc2 Ra7 16. e3 f6 17. Qc3 Qd7 18. Rfd1 Bb3 19. Rd2 Bd5 20. Rdd1 Na5 21.
Ned2 Nb3 22. Nxb3 Bxb3 23. Rd2 c5 24. d4 cxd4 25. Qd3 Bd5 26. Ne1 Rd8 27. exd4
Bxg2 28. Nxg2 Qxd4 29. Qc4+ 1-0

[Event "Festival Carnevale d'Europa"]
[Site "Cento ITA"]
[Date "2011.02.08"]
[Round "4"]
[White "Nonni, Alessio"]
[Black "Frigieri, Fabrizio"]
[WhiteElo "1924"]
[BlackElo "2161"]
[Result "1/2-1/2"]
[PlyCount "59"]
[EventDate "2011.02.05"]

1. d4 d5 2. Nf3 c6 3. e3 Bg4 4. Nbd2 Nd7 5. Be2 Ngf6 6. O-O e6 7. b3 Bd6 8. Bb2
O-O 9. c4 Qe7 10. Ne5 Bxe2 11. Qxe2 Rfd8 12. Rfd1 Rac8 13. Rac1 Nf8 14. h3 N6d7
15. Nxd7 Nxd7 16. e4 dxe4 17. Nxe4 Ba3 18. Bxa3 Qxa3 19. Rc2 Qe7 20. Rcd2 Nb6
21. Nc5 Rc7 22. Qe3 h6 23. a4 a6 24. a5 Nd7 25. b4 Qh4 26. Qe4 Qf6 27. Nd3 Qe7
28. Qf4 Nf6 29. Nc5 Qd6 30. Qe5 1/2-1/2

[Event "Festival Carnevale d'Europa"]
[Site "Cento ITA"]
[Date "2011.02.08"]
[Round "4"]
[White "Scalcione, Michelangelo"]
[Black "Arnetta, Maria Teresa"]
[WhiteElo "2344"]
[BlackElo "2071"]
[Result "1-0"]
[PlyCount "61"]
[EventDate "2011.02.05"]

1. Nf3 d5 2. d4 Nf6 3. c4 dxc4 4. e3 a6 5. Bxc4 b5 6. Bd3 Bb7 7. O-O e6 8. a4
Nbd7 9. axb5 axb5 10. Rxa8 Qxa8 11. Bxb5 Bxf3 12. Qxf3 Qxf3 13. gxf3 Bb4 14.
Na3 Ke7 15. Nc2 Rb8 16. Bc4 Bd6 17. e4 Nb6 18. Bd3 e5 19. f4 Nbd7 20. fxe5 Bxe5
21. f4 Nc5 22. fxe5 Nxd3 23. exf6+ gxf6 24. Ne3 Kd7 25. Rd1 Nxb2 26. Rd2 Na4
27. Rc2 c6 28. Kf2 Rb4 29. d5 cxd5 30. Nxd5 Rb3 31. Rc7+ 1-0

[Event "Festival Carnevale d'Europa"]
[Site "Cento ITA"]
[Date "2011.02.08"]
[Round "4"]
[White "Simonian, Hrair"]
[Black "Urosevic, Goran"]
[WhiteElo "2475"]
[BlackElo "2228"]
[Result "1/2-1/2"]
[PlyCount "120"]
[EventDate "2011.02.05"]

1. e4 c5 2. Nc3 e6 3. Nf3 Nc6 4. Bb5 Nge7 5. O-O Qb6 6. Re1 a6 7. Bxc6 Nxc6 8.
b3 Be7 9. Bb2 O-O 10. Nd5 exd5 11. exd5 Qd8 12. dxc6 dxc6 13. Qe2 Be6 14. Rad1
Re8 15. d3 h6 16. Nd2 Bf6 17. Bxf6 Qxf6 18. Qe5 Qxe5 19. Rxe5 b6 20. Rde1 Kf8
21. Nb1 Red8 22. Nc3 Rd4 23. g3 Ke7 24. f4 Kf6 25. Kf2 g6 26. Kf3 h5 27. Ne4+
Kg7 28. Ng5 Bg4+ 29. Kf2 Ra7 30. h3 Bf5 31. Kf3 Rdd7 32. Re8 f6 33. Ne6+ Bxe6
34. R1xe6 Kf7 35. Re4 b5 36. Rh8 f5 37. Ree8 c4 38. dxc4 bxc4 39. Rc8 cxb3 40.
axb3 Kg7 41. Rhe8 Rd6 42. Ra8 Rxa8 43. Rxa8 Rd2 44. Ra7+ Kh6 45. c4 Ra2 46. h4
Ra3 47. Kg2 c5 48. Rb7 a5 49. Rb5 Kg7 50. Rxc5 Rxb3 51. Rxa5 Rc3 52. c5 Kf7 53.
Kf2 Ke6 54. Ra6+ Kd5 55. Rxg6 Rxc5 56. Rf6 Ke4 57. Re6+ Kd4 58. Kg2 Ra5 59.
Rd6+ Ke4 60. Re6+ Kd4 1/2-1/2

[Event "Festival Carnevale d'Europa"]
[Site "Cento ITA"]
[Date "2011.02.08"]
[Round "4"]
[White "Sorbera, Giovanni"]
[Black "De Florio, Federico"]
[WhiteElo "2135"]
[BlackElo "2196"]
[Result "1-0"]
[PlyCount "89"]
[EventDate "2011.02.05"]

1. e4 c6 2. d4 d5 3. Nc3 dxe4 4. Nxe4 Nd7 5. Ng5 Ndf6 6. Bc4 Nh6 7. N1f3 g6 8.
Be3 Bg7 9. Qd2 Nd5 10. Bb3 O-O 11. c4 Nxe3 12. fxe3 a5 13. c5 a4 14. Bc4 b6 15.
cxb6 Qxb6 16. O-O Ba6 17. Bxa6 Rxa6 18. Ne4 Rb8 19. Nc5 Ra7 20. b3 axb3 21.
axb3 Rba8 22. Ra4 Rd8 23. Qa2 Rxa4 24. bxa4 Nf5 25. a5 Qa7 26. Qa3 e5 27. Rb1
exd4 28. Rb7 dxe3 29. g4 Nh4 30. Kf1 Qa8 31. Nxh4 Qc8 32. Qb3 e2+ 33. Ke1 Rd1+
34. Kxe2 Qxg4+ 35. Qf3 Re1+ 36. Kxe1 Qxh4+ 37. Kf1 Qc4+ 38. Nd3 Bd4 39. a6 Qa2
40. Qxc6 Qa1+ 41. Nc1 Kg7 42. Qc4 Kh6 43. Rxf7 Qb1 44. Qxd4 Qxc1+ 45. Ke2 1-0

[Event "Festival Carnevale d'Europa"]
[Site "Cento ITA"]
[Date "2011.02.09"]
[Round "5"]
[White "Ansell, Simon T."]
[Black "Delchev, Aleksander"]
[WhiteElo "2423"]
[BlackElo "2629"]
[Result "0-1"]
[PlyCount "80"]
[EventDate "2011.02.05"]

1. e4 c6 2. d4 d5 3. e5 Bf5 4. Be3 e6 5. Nd2 Nd7 6. f4 c5 7. Ngf3 Qb6 8. Qc1
Nh6 9. a4 a6 10. a5 Qa7 11. h3 Be4 12. Bf2 Nf5 13. c3 Be7 14. Nxe4 dxe4 15. g4
exf3 16. gxf5 cxd4 17. Bxd4 Bc5 18. Qe3 Bxd4 19. cxd4 Nb8 20. fxe6 fxe6 21. Qb3
O-O 22. Qxe6+ Kh8 23. O-O-O Nc6 24. d5 Qe3+ 25. Kb1 Nb4 26. d6 Qe4+ 27. Ka1
Nc2+ 28. Kb1 Nb4+ 29. Ka1 Nc2+ 30. Kb1 Nd4+ 31. Bd3 Qxd3+ 32. Rxd3 Nxe6 33.
Rxf3 Rxf4 34. Rxf4 Nxf4 35. e6 Nxe6 36. Re1 Nf8 37. Re7 Rd8 38. Rxb7 Rxd6 39.
Rb8 Kg8 40. b4 Kf7 0-1

[Event "Festival Carnevale d'Europa"]
[Site "Cento ITA"]
[Date "2011.02.09"]
[Round "5"]
[White "Arnetta, Maria Teresa"]
[Black "Astengo, Corrado"]
[WhiteElo "2071"]
[BlackElo "2146"]
[Result "1/2-1/2"]
[PlyCount "61"]
[EventDate "2011.02.05"]

1. e4 c5 2. c3 e6 3. d4 d5 4. exd5 exd5 5. Nf3 Nf6 6. Bb5+ Bd7 7. Bd3 Nc6 8.
Be3 c4 9. Bc2 Bd6 10. O-O O-O 11. b3 b5 12. Qc1 Bg4 13. Nbd2 Re8 14. Re1 Qd7
15. Bg5 Rxe1+ 16. Qxe1 Bf5 17. Qb1 Bxc2 18. Qxc2 Nh5 19. Nf1 Re8 20. Ne3 h6 21.
Bh4 Bf4 22. Nf1 Bc7 23. Bg3 Bxg3 24. hxg3 Nf6 25. Ne3 Ne4 26. a4 a6 27. Re1 Nf6
28. Ra1 Ne4 29. Re1 Nf6 30. Ra1 Ne4 31. Re1 1/2-1/2

[Event "Festival Carnevale d'Europa"]
[Site "Cento ITA"]
[Date "2011.02.09"]
[Round "5"]
[White "Bentivegna, Francesco"]
[Black "Caruso, Augusto"]
[WhiteElo "2348"]
[BlackElo "2256"]
[Result "1/2-1/2"]
[PlyCount "109"]
[EventDate "2011.02.05"]

1. d4 e6 2. e4 d5 3. e5 c5 4. Nf3 Nc6 5. Bd3 f6 6. O-O c4 7. Be2 fxe5 8. dxe5
g6 9. b3 cxb3 10. axb3 Bg7 11. Re1 Nge7 12. Bf4 O-O 13. Qd2 Qb6 14. Nc3 a6 15.
Bd3 Bd7 16. h4 Nf5 17. Na4 Qc7 18. Nc5 Rae8 19. b4 Bc8 20. c3 a5 21. Nb3 axb4
22. cxb4 Qb6 23. b5 Ncd4 24. Nbxd4 Nxd4 25. Nxd4 Qxd4 26. Bg3 Bd7 27. Qe2 Rc8
28. Rad1 Qa4 29. f4 Bh6 30. Qg4 Bxf4 31. Kh1 Qb4 32. Bxg6 Bd2 33. Be4+ Kh8 34.
Re2 Rc1 35. Rxc1 Bxc1 36. Kh2 dxe4 37. Rxe4 Qe7 38. Rc4 Be3 39. Rc7 b6 40. h5
Rg8 41. Bh4 Rxg4 42. Bxe7 Bxb5 43. Kh3 Rc4 44. Bf6+ Kg8 45. Rg7+ Kf8 46. Rxh7
Rc3 47. g3 Bf1+ 48. Kg4 Be2+ 49. Kh3 Bf4 50. Rh8+ Kf7 51. Rh7+ Ke8 52. Rg7 Bxh5
53. Kh4 Bxg3+ 54. Rxg3 Rxg3 55. Kxg3 1/2-1/2

[Event "Festival Carnevale d'Europa"]
[Site "Cento ITA"]
[Date "2011.02.09"]
[Round "5"]
[White "Bruno, Fabio"]
[Black "Sorbera, Giovanni"]
[WhiteElo "2436"]
[BlackElo "2135"]
[Result "1-0"]
[PlyCount "78"]
[EventDate "2011.02.05"]

1. d4 d5 2. Nf3 Nf6 3. c4 c6 4. e3 e6 5. Nbd2 Nbd7 6. b3 Be7 7. Bd3 O-O 8. O-O
Nh5 9. Ne5 g6 10. Bb2 f5 11. Qe2 Nxe5 12. dxe5 b6 13. Rfd1 Qe8 14. Rac1 c5 15.
Nf3 dxc4 16. Bxc4 g5 17. Rd6 g4 18. Rxe6 Bxe6 19. Bxe6+ Kh8 20. Nd2 Ng7 21. Bc4
Rd8 22. Nf1 Qg6 23. Ng3 h5 24. Qc2 h4 25. Ne2 Ne6 26. Qc3 Bg5 27. b4 f4 28.
exf4 Bxf4 29. Nxf4 Rxf4 30. bxc5 bxc5 31. Bxe6 Qxe6 32. Rf1 h3 33. Qg3 Rf7 34.
Qh4+ Kg7 35. Qxd8 hxg2 36. Qg5+ Kh7 37. Re1 Rf3 38. Qh5+ Kg8 39. Rd1 Qa6 1-0

[Event "Festival Carnevale d'Europa"]
[Site "Cento ITA"]
[Date "2011.02.09"]
[Round "5"]
[White "Burani, Eugenio"]
[Black "Cardani, Roberto"]
[WhiteElo "1874"]
[BlackElo "1947"]
[Result "1-0"]
[PlyCount "65"]
[EventDate "2011.02.05"]

1. e4 c5 2. Nf3 d6 3. d4 cxd4 4. Nxd4 Nf6 5. Nc3 a6 6. f4 e5 7. Nb3 Nbd7 8. Be2
Be7 9. O-O O-O 10. f5 b5 11. a3 Bb7 12. Bf3 Nb6 13. Na5 Na4 14. Nxb7 Qb6+ 15.
Kh1 Nxc3 16. bxc3 Qxb7 17. Qd3 Rfc8 18. g4 Rc4 19. g5 Nxe4 20. f6 gxf6 21. gxf6
Bxf6 22. Bh6 Bg7 23. Bxg7 Kxg7 24. Qe3 h6 25. Rae1 f5 26. Bg2 Rf8 27. Rg1 Kh7
28. Rgf1 Qc8 29. Qh3 Rxc3 30. Qh5 Ng5 31. h4 Nh3 32. Kh2 f4 33. Be4+ 1-0

[Event "Festival Carnevale d'Europa"]
[Site "Cento ITA"]
[Date "2011.02.09"]
[Round "5"]
[White "Buriani, Andrea"]
[Black "Lekic, Dusan"]
[WhiteElo "2171"]
[BlackElo "2389"]
[Result "0-1"]
[PlyCount "39"]
[EventDate "2011.02.05"]

1. d4 d5 2. Nf3 Nf6 3. e3 g6 4. Bd3 Bg7 5. Nbd2 O-O 6. c3 Nbd7 7. e4 dxe4 8.
Nxe4 Nxe4 9. Bxe4 c5 10. O-O cxd4 11. cxd4 Nf6 12. Bd3 b6 13. Be3 Bb7 14. Rc1
Qd6 15. Qe2 Ng4 16. g3 Qd5 17. Kg2 Qxf3+ 18. Qxf3 Bxf3+ 19. Kxf3 Nxh2+ 20. Kg2
0-1

[Event "Festival Carnevale d'Europa"]
[Site "Cento ITA"]
[Date "2011.02.09"]
[Round "5"]
[White "Caprio, Guido"]
[Black "David, Alberto"]
[WhiteElo "2272"]
[BlackElo "2580"]
[Result "0-1"]
[PlyCount "44"]
[EventDate "2011.02.05"]

1. d4 Nf6 2. c4 e6 3. Nf3 d5 4. Nc3 Bb4 5. cxd5 exd5 6. Bg5 Nbd7 7. e3 c5 8.
Qc2 Qa5 9. Bd3 c4 10. Bf5 O-O 11. O-O Re8 12. Nd2 g6 13. Bxd7 Nxd7 14. a3 Bxc3
15. bxc3 Nb6 16. a4 Bd7 17. Rfb1 Bf5 18. e4 Rxe4 19. Rb5 Re2 20. Nxc4 Qxb5 21.
axb5 Bxc2 22. Nxb6 Rae8 0-1

[Event "Festival Carnevale d'Europa"]
[Site "Cento ITA"]
[Date "2011.02.09"]
[Round "5"]
[White "Carletti, Davide M."]
[Black "De Andres Gonalons, Fernando"]
[WhiteElo "1702"]
[BlackElo "2084"]
[Result "0-1"]
[PlyCount "58"]
[EventDate "2011.02.05"]

1. e4 e6 2. d4 d5 3. Nc3 Nf6 4. e5 Nfd7 5. f4 c5 6. Nce2 Nc6 7. Nf3 cxd4 8.
Nexd4 Nxd4 9. Nxd4 Nb8 10. Be2 Nc6 11. c3 Nxd4 12. cxd4 Bd7 13. O-O Qb6 14. Bg4
g6 15. b3 Bb4 16. Bb2 Rc8 17. Rc1 O-O 18. Rf3 Rxc1 19. Bxc1 Rc8 20. Bb2 Qa5 21.
Qa1 Bb5 22. a3 Be1 23. h3 Qd2 24. b4 Rc2 25. Rg3 Qf2+ 26. Kh1 Qf1+ 27. Kh2
Bxg3+ 28. Kxg3 Qf2+ 29. Kh2 Qxg2# 0-1

[Event "Festival Carnevale d'Europa"]
[Site "Cento ITA"]
[Date "2011.02.09"]
[Round "5"]
[White "Casadei, Mauro"]
[Black "Setti, Roberto"]
[WhiteElo "2166"]
[BlackElo "1939"]
[Result "1-0"]
[PlyCount "117"]
[EventDate "2011.02.05"]

1. d4 d5 2. c4 c6 3. Nf3 Nf6 4. e3 Bf5 5. Be2 e6 6. O-O Bd6 7. b3 Nbd7 8. Ba3
Qe7 9. Bxd6 Qxd6 10. Nc3 h6 11. c5 Qc7 12. b4 O-O 13. b5 Rfe8 14. Nh4 Bh7 15.
f4 Ne4 16. Nxe4 Bxe4 17. Nf3 Bxf3 18. Rxf3 f5 19. Qa4 Nf6 20. Bd3 a6 21. bxc6
bxc6 22. Rb1 a5 23. Rb6 Rec8 24. h3 Nd7 25. Rb1 Rcb8 26. Rff1 h5 27. Qc2 Nf6
28. Rxb8+ Rxb8 29. Rb1 Kf7 30. Kf2 h4 31. Rxb8 Qxb8 32. Qb1 Qxb1 33. Bxb1 Nh5
34. Ke1 Ke7 35. Kd2 Kd7 36. Kc3 Kc7 37. Kb3 Kb7 38. Ka4 Ng3 39. Bd3 Nh1 40.
Kxa5 Nf2 41. Be2 Ne4 42. Kb4 g6 43. a4 Nf6 44. Ka5 Ne4 45. Ba6+ Kc7 46. Bc8
Kxc8 47. Kb6 Nc3 48. a5 Nd1 49. a6 Kb8 50. Kxc6 Nxe3 51. Kd7 Nc4 52. Kxe6 Kc7
53. Kxd5 Ne3+ 54. Ke5 Nc4+ 55. Ke6 Ne3 56. d5 Nxg2 57. d6+ Kd8 58. a7 Nxf4+ 59.
Ke5 1-0

[Event "Festival Carnevale d'Europa"]
[Site "Cento ITA"]
[Date "2011.02.09"]
[Round "5"]
[White "Cavatorta, Fosco"]
[Black "Gulinelli, Euro"]
[WhiteElo "1917"]
[BlackElo "1613"]
[Result "1-0"]
[PlyCount "59"]
[EventDate "2011.02.05"]

1. d4 d5 2. Nf3 Nf6 3. e3 e6 4. Bd3 c5 5. c3 Nc6 6. Nbd2 cxd4 7. exd4 Bd6 8.
O-O Qc7 9. Re1 Bd7 10. Qe2 O-O-O 11. Ne5 Rdf8 12. Ndf3 h6 13. b4 Bxe5 14. Nxe5
Nxe5 15. dxe5 Ne8 16. c4 dxc4 17. Bxc4 g5 18. Bb2 Kb8 19. Bd4 Ng7 20. Bc5 Ka8
21. Bxf8 Rxf8 22. Rac1 Qb6 23. Qd2 Ba4 24. b5 Qc5 25. Bxe6 Qxb5 26. Bxf7 a6 27.
e6 Nf5 28. e7 Rxf7 29. e8=Q+ Qxe8 30. Rxe8+ 1-0

[Event "Festival Carnevale d'Europa"]
[Site "Cento ITA"]
[Date "2011.02.09"]
[Round "5"]
[White "Collutiis, Duilio"]
[Black "Boscolo, Federico"]
[WhiteElo "2463"]
[BlackElo "2196"]
[Result "1-0"]
[PlyCount "123"]
[EventDate "2011.02.05"]

1. g3 g6 2. Bg2 Bg7 3. d4 d5 4. Nf3 Nf6 5. O-O O-O 6. c4 dxc4 7. Na3 c6 8. Nxc4
Be6 9. b3 Bd5 10. Bb2 Nbd7 11. Re1 Rc8 12. Qc2 Be4 13. Qc1 c5 14. dxc5 Nxc5 15.
Rd1 Qe8 16. Bh3 Rd8 17. Rxd8 Qxd8 18. Ncd2 Qd5 19. Nxe4 Ncxe4 20. Qc2 Rd8 21.
Rc1 Bh6 22. Re1 Qh5 23. Bxf6 Nxf6 24. Qc7 Re8 25. Bd7 Rf8 26. Qxb7 Nxd7 27.
Qxd7 Qc5 28. e3 Bg7 29. Rd1 Bf6 30. Kg2 h5 31. h4 a5 32. Rd2 Qb4 33. Rc2 Qa3
34. Nd2 a4 35. Qxa4 Qxa4 36. bxa4 Ra8 37. Rc4 e6 38. Nb3 Kg7 39. a5 Bd8 40. Ra4
Ra6 41. Nc5 Rxa5 42. Rxa5 Bxa5 43. a4 Kf6 44. Nb7 Bc7 45. a5 Ke7 46. a6 Bb8 47.
f4 f5 48. Na5 Kd7 49. Nc4 Kc6 50. Ne5+ Bxe5 51. fxe5 Kb6 52. Kf3 Kxa6 53. Kf4
Kb5 54. Kg5 Kc4 55. Kxg6 Kd3 56. Kxh5 Kxe3 57. Kg5 Kf3 58. h5 Kxg3 59. h6 f4
60. h7 f3 61. h8=Q Kg2 62. Qa8 1-0